[Event "CZE-ch Seniors 70"]
[Site "Rychnov nad Kneznou"]
[Date "2015.08.19"]
[Round "5"]
[White "Bohuslav, Jan"]
[Black "Reichmann, Pavel"]
[Result "1-0"]
[WhiteElo "1961"]
[BlackElo "1779"]
[PlyCount "49"]
[EventDate "2015.08.15"]
[EventType "swiss"]
[EventRounds "9"]
[EventCountry "CZE"]
[SourceTitle "EXT 2016"]
[Source "ChessBase"]
[SourceDate "2015.10.08"]
[SourceVersion "1"]
[SourceVersionDate "2015.10.08"]
[SourceQuality "1"]

1. e4 c6 2. d4 d5 3. Nd2 dxe4 4. Nxe4 Nf6 5. Nxf6+ gxf6 6. Be3 Bf5 7. Qd2 e5 8. 0-0-0 Nd7 9. dxe5 Nxe5 10. Qc3 Qc7 11. h3 Be7 12. Ne2 Rg8 13. Nd4 Bg6 14. f4 Be4 15. fxe5 Qxe5 16. Ne2 Qf5 17. Nd4 Qc8 18. Bf4 Kf8 19. Qe3 f5 20. Rg1 h5 21. g4 Bc5 22. Bh6+ Ke8 23. Bg2 hxg4 24. Bxe4 Bxd4 25. Bxc6+ 1-0

[Event "Rychnov Seniors op"]
[Site "Rychnov nad Kneznou"]
[Date "2012.08.21"]
[Round "2"]
[White "Vlasak, Ladislav"]
[Black "Reichmann, Pavel"]
[Result "1-0"]
[WhiteElo "1843"]
[BlackElo "1847"]
[PlyCount "51"]
[EventDate "2012.08.20"]
[EventType "swiss"]
[EventRounds "9"]
[EventCountry "CZE"]
[SourceTitle "CBM 150 Extra"]
[Source "ChessBase"]
[SourceDate "2012.10.19"]
[SourceVersion "1"]
[SourceVersionDate "2012.10.19"]
[SourceQuality "1"]

1. e4 c6 2. d4 d5 3. Nc3 dxe4 4. Nxe4 Bf5 5. Ng3 Bg6 6. h4 h6 7. Nf3 Nf6 8. Ne5 Bh7 9. Bc4 e6 10. Qe2 Qe7 11. Bd2 Nbd7 12. f4 Nxe5 13. dxe5 Nd5 14. 0-0-0 Qc7 15. Ne4 0-0-0 16. g4 Bxe4 17. Qxe4 Bc5 18. f5 Qe7 19. g5 exf5 20. Qxf5+ Qd7 21. Qf3 Qe7 22. Rde1 Qf8 23. Rhf1 Rd7 24. Qf5 g6 25. Qh3 Kb8 26. Qxd7 1-0

[Event "Olomouc op"]
[Site "Olomouc"]
[Date "2011.08.04"]
[Round "1"]
[White "Rjabzev, Konstantin"]
[Black "Reichmann, Pavel"]
[Result "1-0"]
[WhiteElo "2271"]
[BlackElo "1888"]
[PlyCount "57"]
[EventDate "2011.08.04"]
[EventType "swiss"]
[EventRounds "9"]
[EventCountry "CZE"]
[SourceTitle "CBM 143 Extra"]
[Source "ChessBase"]
[SourceDate "2011.08.29"]
[SourceVersion "1"]
[SourceVersionDate "2011.08.29"]
[SourceQuality "1"]

1. e4 c6 2. d4 d5 3. exd5 cxd5 4. c4 Nf6 5. Nc3 e6 6. Nf3 Be7 7. cxd5 Nxd5 8. Bc4 Nxc3 9. bxc3 0-0 10. 0-0 Nd7 11. Bd3 b6 12. Be4 Ba6 13. Re1 Rc8 14. Qa4 Nb8 15. Bd2 Qc7 16. Ne5 Bd6 17. Re3 f6 18. Qc2 f5 19. Bd3 Bxd3 20. Qxd3 Bxe5 21. Rxe5 Rfe8 22. Rae1 Qd7 23. Qe2 Nc6 24. Rxe6 Rxe6 25. Qxe6+ Qxe6 26. Rxe6 Kf7 27. Rd6 Ke7 28. Rd5 a6 29. Rxf5 1-0

[Event "Rychnov op"]
[Site "Rychnov nad Kneznou"]
[Date "2010.08.29"]
[Round "7"]
[White "Reichmann, Pavel"]
[Black "Csizmadia, Lajos"]
[Result "1/2-1/2"]
[WhiteElo "1930"]
[BlackElo "1879"]
[PlyCount "58"]
[EventDate "2010.08.23"]
[EventType "swiss"]
[EventRounds "7"]
[EventCountry "CZE"]
[SourceTitle "CBM 138 Extra"]
[Source "ChessBase"]
[SourceDate "2010.10.29"]
[SourceVersion "1"]
[SourceVersionDate "2010.10.29"]
[SourceQuality "1"]

1. e4 e6 2. b3 d5 3. Bb2 dxe4 4. Nc3 Nf6 5. Qe2 Nbd7 6. Nxe4 Nxe4 7. Qxe4 Nf6 8. Qf3 Be7 9. 0-0-0 c6 10. d4 Qd6 11. Bd3 a5 12. a4 Rb8 13. c4 b6 14. Ne2 Bd7 15. Nc3 0-0 16. g4 Rfc8 17. g5 Ne8 18. h4 b5 19. c5 Qc7 20. Kc2 Qb7 21. axb5 cxb5 22. Qe2 Nc7 23. Ne4 Qd5 24. Nc3 Qb7 25. Ne4 Nd5 26. Kb1 Nf4 27. Qd2 Nxd3 28. Qxd3 Qd5 29. Rhg1 Kh8 1/2-1/2

[Event "Rychnov op"]
[Site "Rychnov nad Kneznou"]
[Date "2010.08.25"]
[Round "3"]
[White "Strakos, Tomas"]
[Black "Reichmann, Pavel"]
[Result "1/2-1/2"]
[WhiteElo "1809"]
[BlackElo "1930"]
[PlyCount "34"]
[EventDate "2010.08.23"]
[EventType "swiss"]
[EventRounds "7"]
[EventCountry "CZE"]
[SourceTitle "CBM 138 Extra"]
[Source "ChessBase"]
[SourceDate "2010.10.29"]
[SourceVersion "1"]
[SourceVersionDate "2010.10.29"]
[SourceQuality "1"]

1. d4 Nf6 2. c4 c5 3. d5 e6 4. Nc3 exd5 5. cxd5 d6 6. Nf3 g6 7. Bf4 Bg7 8. Qa4+ Bd7 9. Qb3 Qc7 10. e4 0-0 11. Nd2 Nh5 12. Be3 a6 13. a4 f5 14. exf5 Bxf5 15. Be2 Nf6 16. 0-0 Nbd7 17. Nc4 Kh8 1/2-1/2